000 00465nam a2200181Ia 4500
001 13644
005 20260306164816.0
008 260306t2001||||xx |||||||||||||| ||spa||
041 _aESP
082 _a005.1
_bS61D
100 _aSmith, Jo Ann
_eAUT
245 0 _aDesarrollo de proyectos con programación orientada a objetos con C++
260 _c2001
300 _aix, 207 pƔginas :
_c26 cm.
650 _aGEN
654 _aCCC
942 _cLIB
_dJUS
_fJUS
_2ddc
_n
999 _c13644
_d13644